[Event "MCR mladeze, Kouty 2018 - Narodni Open"]
[Site "Kouty nad Desnou"]
[Date "2018.03.11"]
[Round "2"]
[White "Novotny, Ondrej"]
[Black "Machacek, Oldrich"]
[Result "1-0"]
[WhiteElo "1749"]
[BlackElo "1434"]
[PlyCount "91"]
[EventDate "2018.03.10"]

1. e4 e6 2. d4 d5 3. e5 c5 4. c3 Nc6 5. Nf3 Qb6 6. a3 a5 7. Bd3 Bd7 8. Bc2 Nh6
9. b3 Be7 10. O-O Nf5 11. Bb2 Rc8 12. g4 Nh4 13. Nxh4 Bxh4 14. f4 cxd4 15. cxd4
Be7 16. Qd2 a4 17. Rf3 Na5 18. Qd1 axb3 19. Bxb3 Nxb3 20. Qxb3 Qxb3 21. Rxb3 b5
22. Nc3 O-O 23. Nxb5 Rb8 24. a4 Bxb5 25. axb5 Rb7 26. Ba3 Ra8 27. Bb2 Rab8 28.
Bc1 h6 29. Rab1 Bd8 30. Ba3 Bb6 31. Bc5 Ba5 32. R1b2 Bb6 33. Kf2 Kh7 34. Kf3 g5
35. Kg3 Kg6 36. h4 Bd8 37. h5+ Kg7 38. b6 gxf4+ 39. Kxf4 Bg5+ 40. Kf3 Bd8 41.
Ra2 Be7 42. Kg2 Bd8 43. Ra7 Bg5 44. Rxb7 Rxb7 45. Ra3 Be7 46. Ra7 1-0

[Event "MCR mladeze, Kouty 2018 - Narodni Open"]
[Site "Kouty nad Desnou"]
[Date "2018.03.11"]
[Round "2"]
[White "Dvoracek, Jan Matyas"]
[Black "Novotny, David"]
[Result "1-0"]
[WhiteElo "1469"]
[BlackElo "1741"]
[PlyCount "65"]
[EventDate "2018.03.10"]

1. e4 d6 2. d4 Nf6 3. Nc3 c6 4. h3 Qa5 5. Bd3 Nbd7 6. Nf3 e5 7. O-O exd4 8.
Nxd4 Nc5 9. Re1 Be7 10. a3 Qc7 11. f4 Ne6 12. Nf5 O-O 13. g4 d5 14. Nxe7+ Qxe7
15. e5 Nd7 16. Qf3 Ndc5 17. f5 Nxd3 18. Qxd3 Qh4 19. Bd2 Ng5 20. Kg2 h5 21. Qg3
Qxg3+ 22. Kxg3 Nh7 23. Kf4 hxg4 24. hxg4 Re8 25. Re2 f6 26. e6 Ng5 27. Rh1 d4
28. Ne4 Nxe4 29. Kxe4 c5 30. Reh2 Bxe6 31. fxe6 Rxe6+ 32. Kf5 Re5+ 33. Kg6 1-0

[Event "MCR mladeze, Kouty 2018 - Narodni Open"]
[Site "Kouty nad Desnou"]
[Date "2018.03.11"]
[Round "2"]
[White "Bulva, Frantisek"]
[Black "Pospisil, Jiri"]
[Result "0-1"]
[WhiteElo "1429"]
[BlackElo "1737"]
[PlyCount "80"]
[EventDate "2018.03.10"]

1. e4 c5 2. Nf3 e6 3. d4 cxd4 4. Nxd4 a6 5. Nc3 d6 6. Be3 Qc7 7. Be2 Nf6 8. O-O
Nbd7 9. Qd2 Be7 10. Rad1 O-O 11. Rfe1 b6 12. Bf4 e5 13. Nf5 Nc5 14. Nxe7+ Qxe7
15. Bg5 Bb7 16. f3 Rfd8 17. Bc4 Ne6 18. Bxf6 Qxf6 19. Bd5 Qe7 20. Bxb7 Qxb7 21.
Qd5 Qc7 22. Qb3 Qc5+ 23. Kh1 Nd4 24. Qd5 Nxc2 25. Qxc5 dxc5 26. Rxd8+ Rxd8 27.
Rd1 Rxd1+ 28. Nxd1 b5 29. Kg1 Kf8 30. Kf1 Ke7 31. Ke2 Kd6 32. Nc3 Nd4+ 33. Kd2
a5 34. Nd5 c4 35. Kc3 Ne2+ 36. Kd2 Nf4 37. Nxf4 exf4 38. Kc3 Kc5 39. g3 fxg3
40. hxg3 b4+ 0-1

[Event "MCR mladeze, Kouty 2018 - Narodni Open"]
[Site "Kouty nad Desnou"]
[Date "2018.03.12"]
[Round "4"]
[White "Svanda, Adam"]
[Black "Snorek, Milan"]
[Result "1/2-1/2"]
[WhiteElo "1720"]
[BlackElo "1970"]
[PlyCount "80"]
[EventDate "2018.03.10"]

1. c4 c6 2. Nc3 d5 3. cxd5 cxd5 4. d4 Nf6 5. Nf3 Nc6 6. Bf4 a6 7. e3 g6 8. h3
Bg7 9. a3 O-O 10. Bd3 b5 11. b4 Bb7 12. O-O e6 13. Nd2 Nh5 14. Bh2 e5 15. dxe5
Nxe5 16. Be2 d4 17. exd4 Qxd4 18. Rc1 Rac8 19. Nb3 Qxd1 20. Rfxd1 Nf3+ 21. Bxf3
Bxf3 22. Rd3 Ba8 23. Nc5 Bh6 24. Rcd1 a5 25. Nxb5 axb4 26. axb4 Bg5 27. f3 Rfd8
28. Rxd8+ Rxd8 29. Rxd8+ Bxd8 30. Nc7 Bxc7 31. Bxc7 Bc6 32. Nb3 Nf6 33. Nd4 Bb7
34. b5 Nd5 35. Bd6 Nb6 36. Kf2 f6 37. Ne6 Bc8 38. Nd8 Bd7 39. Nc6 Bxc6 40. bxc6
Kf7 1/2-1/2

[Event "MCR mladeze, Kouty 2018 - Narodni Open"]
[Site "Kouty nad Desnou"]
[Date "2018.03.12"]
[Round "4"]
[White "Novotny, Ondrej"]
[Black "Hartinger, Antonin"]
[Result "1-0"]
[WhiteElo "1749"]
[BlackElo "1689"]
[PlyCount "101"]
[EventDate "2018.03.10"]

1. e4 e6 2. d4 d5 3. e5 c5 4. c3 Qb6 5. Nf3 Bd7 6. Be2 Bb5 7. O-O Bxe2 8. Qxe2
Ne7 9. Be3 Ng6 10. h4 Be7 11. h5 Nf8 12. a3 Nc6 13. b4 c4 14. Nbd2 Qc7 15. a4
b6 16. Nh2 h6 17. f4 g6 18. Kh1 O-O-O 19. g4 Rd7 20. f5 gxf5 21. gxf5 Nxe5 22.
Bf4 Qc6 23. Bxe5 f6 24. Bxf6 Rg8 25. Bxe7 Rxe7 26. f6 Rf7 27. Ng4 Rh7 28. Ne5
Qd6 29. Rg1 Rg5 30. Rxg5 hxg5 31. Rg1 Qd8 32. Qf3 g4 33. Qxg4 Qxf6 34. Ndf3 Qh8
35. Rg2 Rxh5+ 36. Rh2 Rxh2+ 37. Nxh2 Qh6 38. Qf3 Nh7 39. Kg2 Ng5 40. Qg3 Qh5
41. Nhf3 Nf7 42. Qg8+ Nd8 43. Nc6 Kb7 44. Nxd8+ Kc7 45. Qf7+ Qxf7 46. Nxf7 a6
47. b5 Kd7 48. N3e5+ Ke7 49. Kf3 Kf6 50. Kf4 Kg7 51. Kg5 1-0

[Event "MCR mladeze, Kouty 2018 - Narodni Open"]
[Site "Kouty nad Desnou"]
[Date "2018.03.12"]
[Round "4"]
[White "Dvoracek, Jan Matyas"]
[Black "Kupsa, Matej"]
[Result "1/2-1/2"]
[WhiteElo "1469"]
[BlackElo "1823"]
[PlyCount "85"]
[EventDate "2018.03.10"]

1. e4 d6 2. d4 g6 3. Nc3 Bg7 4. Be3 c6 5. Qd2 Qc7 6. h3 e5 7. Nf3 Nf6 8. Be2
Nbd7 9. a4 O-O 10. O-O Re8 11. dxe5 dxe5 12. Bc4 Nb6 13. Bb3 Be6 14. Bxe6 Rxe6
15. b3 Rd8 16. Qe2 Re7 17. Rad1 Red7 18. Rxd7 Rxd7 19. Rd1 Rxd1+ 20. Qxd1 Ne8
21. Ne1 Nc8 22. Nd3 b6 23. Qd2 Qd6 24. f3 f6 25. Nf2 Qxd2 26. Bxd2 Kf7 27. Kf1
Bf8 28. Nd3 Nc7 29. Be3 Ne6 30. Ne2 Bd6 31. Ke1 Ke7 32. Kd2 Kd7 33. Kc3 c5 34.
Kd2 Nd4 35. Nxd4 cxd4 36. Bf2 Kc6 37. Be1 a6 38. Kc1 Ne7 39. Bb4 a5 40. Be1 g5
41. g4 Ng6 42. Kb2 Nf8 43. Bd2 1/2-1/2

[Event "MCR mladeze, Kouty 2018 - Narodni Open"]
[Site "Kouty nad Desnou"]
[Date "2018.03.12"]
[Round "4"]
[White "Richter, Rudolf"]
[Black "Pospisil, Jiri"]
[Result "0-1"]
[WhiteElo "1422"]
[BlackElo "1737"]
[PlyCount "76"]
[EventDate "2018.03.10"]

1. d4 d5 2. c4 dxc4 3. e4 e6 4. Bxc4 Nf6 5. Nc3 c6 6. Bg5 Be7 7. Nf3 h6 8. Bh4
Nbd7 9. O-O g5 10. Bg3 Nf8 11. Re1 Ng6 12. Qd2 Nh5 13. Rad1 Nxg3 14. hxg3 O-O
15. d5 exd5 16. exd5 cxd5 17. Qxd5 Qb6 18. Na4 Qf6 19. Ne5 Be6 20. Nd7 Qg7 21.
Rxe6 fxe6 22. Qxe6+ Rf7 23. Qxf7+ Qxf7 24. Bxf7+ Kxf7 25. Ndc5 b5 26. Nc3 Bxc5
27. Rd7+ Ke6 28. Rd5 Bb6 29. Rxb5 Rf8 30. Ne4 Ne5 31. Kf1 Nd3 32. f3 g4 33. f4
Nxf4 34. Nc5+ Bxc5 35. Rxc5 Nd3+ 36. Ke2 Nxc5 37. Ke3 h5 38. b4 Na4 0-1

[Event "MCR mladeze, Kouty 2018 - Narodni Open"]
[Site "Kouty nad Desnou"]
[Date "2018.03.12"]
[Round "4"]
[White "Seterle, Matej"]
[Black "Priechodsky, Radovan"]
[Result "1-0"]
[WhiteElo "1585"]
[BlackElo "1612"]
[PlyCount "73"]
[EventDate "2018.03.10"]

1. d3 d5 2. Nf3 Nf6 3. Bg5 e6 4. c3 Be7 5. Nbd2 Bd7 6. Qc2 c6 7. e4 Qb6 8. Be2
Na6 9. O-O O-O 10. e5 Kh8 11. exf6 gxf6 12. Be3 Qc7 13. c4 Rg8 14. cxd5 exd5
15. Nh4 Bh3 16. Kh1 d4 17. gxh3 dxe3 18. fxe3 Nb4 19. Qc1 Qe5 20. Ndf3 Qd5 21.
e4 Qh5 22. Rg1 h6 23. Rxg8+ Rxg8 24. Nf5 Nxd3 25. Qf1 Nf4 26. Nxe7 Rg2 27. Nf5
Rxe2 28. Ng3 Qb5 29. Nxe2 Nxh3 30. Qxh3 Qxe2 31. Qg2 Qxe4 32. Rg1 Qh7 33. Nh4
h5 34. Nf5 c5 35. Qg7+ Qxg7 36. Rxg7 c4 37. Rxf7 1-0